00891njm a22002057a 450000500170000000800410001704100080005810000220006624500350008826000150012326000360013826000090017430000130018330000180019650503950021465000150060965000210062465000270064565000130067220240404155002.0190301b xxu||||| |||| 00| 0 spa d aspa aUrbina, Guadalupe aMis canciones que te gustan... aCosta Rica bClub de Amiga-os del Cancionero c2011 a1 CD-ROM a75:47 minutos a1. Aguacero. 2. País azul. 3. Universo. 4. La luna y el sol. 5. Frida Kahlo. 6. Antonio. 7. La cucaracha. 8. Hay gente. 9. Agosto azul. 10. Hojas de papel. 11. Sones tradicionales. 12. Abril se va. 13. Orígenes. 14. Por algo estoy aquí. 15. La vida es corta. 16. Vengo de una tierra. 17. Canción de cuna para Federico. 18. De todos modos. 19. Cien pájaros libres. 20. Perra renca. aCOSTA RICA aMÚSICA POPULAR aMÚSICA COSTARRICENSE aFOLCLORE